01345nab a22002417a 4500999001500000003000400015005001700019008004100036040000700077100003100084245009000115260007300205300001500278500002800293505041500321505008200736650002300818650003000841650002600871650003800897773015500935942001301090 c5599d5599OSt20251222090714.0190429b xxu||||| |||| 00| 0 spa d cPJ 96576aFlores, Miguel Mario13aLa sanción punitiva impuesta por la inteligencia artificial /cMiguel Mario Flores. cCiudad Autónoma de Buenos Aires :aThomson Reuters La Ley, b2025. ap. 148-156 aCita: AR/DOC/1342/2025. aSumario: I. Introducción.— II. La pena frente al delito. Teorías: a. Expiación. b. Retribución.— III. Fines de la pena: prevención general positiva-negativa. Teoría de la unión. Teoría de la diferenciación.— IV. Las personas condicionadas por los derechos fundamentales y la inteligencia artificial.— V. Sanción punitiva impuesta por la inteligencia artificial.— VI. Conclusión. tSi te interesa el texto completo, solicitalo a koha@justierradelfuego.gov.ar  09343aDERECHO PENAL 09278aDELITOS INFORMATICOS 092677aSENTENCIA PENAL 096577aPROPORCIONALIDAD DE LA PENA0 0265893164tRevista de derecho penal y criminología. Nº 6 - Julio 2025dCiudad Autónoma de Buenos Aires : Thomson Reuters La Ley, 2017-x00347914 2udccANA